Už nie je náš každodenný

Jarný prieskum o chlebe a pečive prekvapil. Celozrnný chlieb je u nás momentálne najpopulárnejší.

Gespeichert in:
Bibliographische Detailangaben
1. Verfasser: Halasová, Henrieta
Format: Buchkapitel
Sprache:Slowakisch
Schlagworte:
Tags: Tag hinzufügen
Keine Tags, Fügen Sie das erste Tag hinzu!

MARC

LEADER 00000naa a2200000 4500
001 0234113
005 20170630075933.0
041 0 |a slo 
044 |a SK 
245 1 0 |a Už nie je náš každodenný  |c Henrieta Halasová 
520 |a Jarný prieskum o chlebe a pečive prekvapil. Celozrnný chlieb je u nás momentálne najpopulárnejší. 
610 2 0 |a výrobky 
610 2 0 |a sortiment 
610 2 0 |a preferencie spotrebiteľské 
100 1 |a Halasová, Henrieta